[Event "Bergen Sommer op-A"]
[Site "Bergen"]
[Date "2007.08.08"]
[Round "4"]
[White "Jelogir, Majid G"]
[Black "Farevaag, Evy"]
[Result "1-0"]
[WhiteElo "1320"]
[BlackElo "1481"]
[PlyCount "113"]
[EventDate "2007.08.05"]
[EventType "swiss"]
[EventRounds "6"]
[EventCountry "NOR"]
[SourceTitle "CBM 119 Extra"]
[Source "ChessBase"]
[SourceDate "2007.09.04"]
[SourceVersion "1"]
[SourceVersionDate "2007.09.04"]
[SourceQuality "1"]

1. Nf3 d5 2. d4 e6 3. c4 c6 4. e3 Bd6 5. Nc3 f5 6. Bd3 Nd7 7. Qc2 Ngf6 8. b3 0-0 9. Bb2 Ne4 10. Rc1 b6 11. 0-0 Qe8 12. cxd5 exd5 13. Ne2 Bb7 14. Ng3 Qg6 15. Ne5 Nxe5 16. dxe5 Bc7 17. Qe2 Qe6 18. f4 c5 19. Rc2 a6 20. a4 Bd8 21. Qh5 Rc8 22. Qh3 Nxg3 23. hxg3 c4 24. bxc4 dxc4 25. Be2 Be4 26. Rc3 b5 27. Ba3 Be7 28. Bxe7 Qxe7 29. axb5 axb5 30. Rfc1 Ra8 31. g4 Ra2 32. Bf3 Rd8 33. Bxe4 fxe4 34. R1c2 Rxc2 35. Rxc2 Qe6 36. Qh4 Rd3 37. Kf2 Qb6 38. Qg3 c3 39. f5 Rd2+ 40. Rxd2 cxd2 41. Ke2 Qd8 42. Kd1 Qd3 43. e6 h6 44. Qf2 Qb1+ 45. Kxd2 b4 46. Qg3 Qa2+ 47. Ke1 b3 48. Qb8+ Kh7 49. e7 b2 50. e8Q b1Q+ 51. Qxb1 Qxb1+ 52. Kf2 Qc2+ 53. Kg3 Qc7+ 54. Kh3 Qc2 55. Qg6+ Kh8 56. f6 Qc7 57. Qe8+ 1-0

[Event "Bergen Sommer op-A"]
[Site "Bergen"]
[Date "2007.08.07"]
[Round "3"]
[White "Lie, Terje"]
[Black "Jelogir, Majid G"]
[Result "1-0"]
[WhiteElo "1295"]
[BlackElo "1320"]
[PlyCount "107"]
[EventDate "2007.08.05"]
[EventType "swiss"]
[EventRounds "6"]
[EventCountry "NOR"]
[SourceTitle "CBM 119 Extra"]
[Source "ChessBase"]
[SourceDate "2007.09.04"]
[SourceVersion "1"]
[SourceVersionDate "2007.09.04"]
[SourceQuality "1"]

1. d4 Nf6 2. c4 g6 3. Nc3 Bg7 4. e4 d6 5. Be2 0-0 6. Nf3 e5 7. dxe5 dxe5 8. Qxd8 Rxd8 9. Bg5 h6 10. Bxf6 Bxf6 11. Nd5 Nd7 12. Nxc7 Rb8 13. Nd5 Bg7 14. 0-0 Nc5 15. Nd2 Bd7 16. f3 Ne6 17. Rac1 Nf4 18. Rfe1 Nxe2+ 19. Rxe2 Kh8 20. Nf1 Bf8 21. Nfe3 Bc5 22. b4 Bd4 23. Kf1 Ba4 24. Nc3 Be8 25. Ned5 a6 26. Ke1 b6 27. Rec2 Bg1 28. h3 Rdc8 29. Ne2 Bh2 30. Kf2 g5 31. g3 Ba4 32. Rc3 h5 33. Kg2 Bxg3 34. Nxg3 h4 35. Nf5 Bd7 36. Nde7 Bxf5 37. Nxc8 Bxc8 38. a3 Be6 39. c5 bxc5 40. Rxc5 Rd8 41. R1c2 Rd3 42. R5c3 Rd1 43. Rc5 Ra1 44. Rxe5 Bb3 45. Rc8+ Kg7 46. Rxg5+ Kf6 47. Ra5 Ra2+ 48. Kg1 Be6 49. Rc6 Kg7 50. Rxe6 fxe6 51. Rxa6 Kf6 52. f4 Re2 53. f5 Rxe4 54. Rxe6+ 1-0

[Event "Bergen Sommer op-A"]
[Site "Bergen"]
[Date "2007.08.06"]
[Round "2"]
[White "Jelogir, Majid G"]
[Black "Bue, Gunnar"]
[Result "0-1"]
[WhiteElo "1320"]
[BlackElo "1571"]
[PlyCount "70"]
[EventDate "2007.08.05"]
[EventType "swiss"]
[EventRounds "6"]
[EventCountry "NOR"]
[SourceTitle "CBM 119 Extra"]
[Source "ChessBase"]
[SourceDate "2007.09.04"]
[SourceVersion "1"]
[SourceVersionDate "2007.09.04"]
[SourceQuality "1"]

1. d4 Nf6 2. Nf3 g6 3. c4 Bg7 4. Nc3 d6 5. e4 0-0 6. Be2 Nc6 7. 0-0 e5 8. d5 Ne7 9. b4 Nh5 10. Nd2 Nf4 11. c5 c6 12. cxd6 Qxd6 13. Qb3 cxd5 14. exd5 Nxe2+ 15. Nxe2 Qxd5 16. Qxd5 Nxd5 17. Rb1 Bf5 18. Rb3 Rac8 19. Ng3 Bc2 20. Ra3 a6 21. Nde4 Nxb4 22. Bd2 Nc6 23. f4 Bxe4 24. Nxe4 f5 25. Nc5 Nd4 26. Nxb7 Rc7 27. Nc5 exf4 28. Rxa6 Rfc8 29. Ne6 Rc2 30. Nxg7 Rxd2 31. Ne6 Nxe6 32. Rxe6 Rcc2 33. Ra1 Rxg2+ 34. Kh1 Rxh2+ 35. Kg1 f3 0-1

[Event "Hordaland-ch"]
[Site "Sotra"]
[Date "2007.03.04"]
[Round "5"]
[White "Blom, Erlend R"]
[Black "Jelogir, Majid G"]
[Result "1-0"]
[WhiteElo "1320"]
[BlackElo "1305"]
[PlyCount "63"]
[EventDate "2007.03.02"]
[EventType "swiss"]
[EventRounds "5"]
[EventCountry "NOR"]
[SourceTitle "EXT 2010"]
[Source "ChessBase"]
[SourceDate "2010.11.25"]
[SourceVersion "1"]
[SourceVersionDate "2010.11.25"]
[SourceQuality "1"]

1. e4 c5 2. Nc3 d6 3. f4 a6 4. Nf3 Nc6 5. Bc4 e6 6. a3 Qc7 7. d3 Nf6 8. 0-0 Be7 9. Qe1 0-0 10. Ba2 Re8 11. e5 Nd7 12. exd6 Bxd6 13. Ng5 Nf6 14. Qh4 Nd4 15. f5 h6 16. fxe6 Nxe6 17. Nxe6 Bxe6 18. Bxh6 Bxh2+ 19. Qxh2 Qxh2+ 20. Kxh2 Ng4+ 21. Kg1 Nxh6 22. Bxe6 Rxe6 23. Nd5 Re2 24. Rac1 Rae8 25. Rfd1 Ng4 26. b4 cxb4 27. axb4 Rf2 28. Rf1 Rd2 29. Rfd1 Ree2 30. Nf4 Rxd1+ 31. Rxd1 Rxc2 32. d4 1-0

[Event "Bergen Sommer op"]
[Site "Bergen"]
[Date "2006.08.10"]
[Round "5"]
[White "Jelogir, Majid G"]
[Black "Gatland, Erling"]
[Result "1/2-1/2"]
[WhiteElo "1306"]
[BlackElo "1607"]
[PlyCount "101"]
[EventDate "2006.08.06"]
[EventType "swiss"]
[EventRounds "6"]
[EventCountry "NOR"]
[SourceTitle "EXT 2007"]
[Source "ChessBase"]
[SourceDate "2006.11.23"]
[SourceVersion "1"]
[SourceVersionDate "2006.11.23"]
[SourceQuality "1"]

1. e4 Nf6 2. Nc3 d6 3. Nf3 g6 4. h3 Bg7 5. d4 0-0 6. Be3 c6 7. Qd2 b5 8. a3 Nbd7 9. Be2 Nb6 10. 0-0 Be6 11. b3 a6 12. Rad1 Rc8 13. Ng5 Bd7 14. f4 h6 15. Nf3 Nh5 16. Bf2 c5 17. g4 cxd4 18. Nxd4 Rxc3 19. Qxc3 Nxf4 20. Qe3 Be5 21. Bd3 Bxd4 22. Qxf4 g5 23. Qd2 Be5 24. Be3 e6 25. Qf2 Na8 26. Bd4 Bf4 27. Bb2 Qc7 28. h4 e5 29. Bc1 Bxg4 30. hxg5 Qc5 31. Qxc5 dxc5 32. Rde1 hxg5 33. Be3 Bh3 34. Rf3 Bg4 35. Rff1 Rc8 36. Bxf4 gxf4 37. Kf2 Kf8 38. Rg1 Be6 39. Rg5 c4 40. bxc4 bxc4 41. Be2 f6 42. Rg6 Ke7 43. Rd1 Nb6 44. Rg7+ Kf8 45. Rdg1 Nd7 46. Bh5 Nc5 47. Kf3 Rd8 48. Rh7 Rd2 49. Rb1 Rd8 50. Rh8+ Ke7 51. Rh7+ 1/2-1/2